| 000 | 00773nam a22001577a 4500 | ||
|---|---|---|---|
| 003 | OSt | ||
| 005 | 20151008162218.0 | ||
| 008 | 151008b xxu||||| |||| 00| 0 eng d | ||
| 040 | _cRUA | ||
| 082 | _aAVM CHO 2008 B081 Or.1 | ||
| 100 |
_92391 _aCHORN, PHANNY. |
||
| 245 | _aEffect replacing fish meal by california red worm and waterspiniach on the growth performance of local chicken kandal province, ឥទ្ធពលនៃការជំនួសត្រីហាលដោយជន្លេន និងត្រកួនទៅលើការលូតលាស់របស់កូនមាន់ពូជក្នុងស្រុកនៅ ខេត្តកណ្ដាល | ||
| 260 |
_aPhnom Penh _bRUA _c2008 |
||
| 300 |
_a39p. _bill. _c29cm. |
||
| 942 |
_2ddc _cAVM |
||
| 999 |
_c2252 _d2252 |
||